Cleveland Cavaliers 2025-2026 Roster - Statistics

General Stats
  • This quiz has been taken 27 times
  • The average score is 12 of 16
Answer Stats
# Player Position % Correct
10 Darius Garland PG
95%
45 Donovan Mitchell PG/SG
95%
4 Evan Mobley PF/C
95%
12 De'Andre Hunter SG/F
89%
31 Jarrett Allen C
89%
20 Jaylon Tyson SG/F
84%
1 Max Strus SG
84%
5 Sam Merrill SG
84%
9 Craig Porter Jr. PG
79%
32 Dean Wade F/PF
74%
3 Thomas Bryant PF/C
74%
24 Tyrese Proctor PG/SG
68%
22 Larry Nance Jr. PF/C
58%
2 Lonzo Ball PG/SG
58%
33 Luke Travers PF
58%
30 Nae'Qwan Tomlin PF
58%
No matching quizzes found
Score Distribution
Percent of People with Each Score
Percentile by Number Answered
Your Score History
You have not taken this quiz